UBT Library

MIRCROBIOLOGY AN INTRODUCTION (Record no. 60080)

000 -LEADER
fixed length control field 00336nam a22001457a 4500
008 - FIXED-LENGTH DATA ELEMENTS--GENERAL INFORMATION
fixed length control field 230703b ||||| |||| 00| 0 eng d
020 ## - INTERNATIONAL STANDARD BOOK NUMBER
International Standard Book Number 9780805384464
041 ## - LANGUAGE CODE
Language code of text/sound track or separate title eng
080 ## - UNIVERSAL DECIMAL CLASSIFICATION NUMBER
Edition identifier SIXTH EDITION
Universal Decimal Classification number 579
082 ## - DEWEY DECIMAL CLASSIFICATION NUMBER
Classification number 579TOR
100 ## - Rafti
Rafti 15
101 ## - Shkurtesa
Shkurtesa MIRCB
245 ## - TITLE STATEMENT
Title MIRCROBIOLOGY AN INTRODUCTION
Statement of responsibility, etc TORTORA
942 ## - ADDED ENTRY ELEMENTS (KOHA)
Source of classification or shelving scheme
Item type Books
Holdings
Withdrawn status Lost status Source of classification or shelving scheme Damaged status Not for loan Collection code Permanent location Current location Date acquired Total Checkouts Full call number Barcode Date last seen Price effective from Koha item type
          Koleksioni i përgjithshem UBT - Lipjan UBT - Lipjan 07/03/2023   579TOR 002-800080739 07/03/2023 07/03/2023 Books
UBT Library © 2015-2024. All rights reserved University Education for Business and Technology